<?xml version="1.0" encoding="UTF-8"?>
<record
    xmlns:xsi="http://www.w3.org/2001/XMLSchema-instance"
    xsi:schemaLocation="http://www.loc.gov/MARC21/slim http://www.loc.gov/standards/marcxml/schema/MARC21slim.xsd"
    xmlns="http://www.loc.gov/MARC21/slim">

  <leader>00799nam a2200205Ia 4500</leader>
  <datafield tag="999" ind1=" " ind2=" ">
    <subfield code="c">36176</subfield>
    <subfield code="d">36176</subfield>
  </datafield>
  <controlfield tag="001">2078</controlfield>
  <controlfield tag="003">GE_BSU</controlfield>
  <controlfield tag="005">20221024114235.0</controlfield>
  <controlfield tag="008">181216s2001ru  xx |||||||||||||| ||rus||</controlfield>
  <datafield tag="040" ind1=" " ind2=" ">
    <subfield code="c">GE_BSU</subfield>
  </datafield>
  <datafield tag="041" ind1=" " ind2=" ">
    <subfield code="a">rus</subfield>
  </datafield>
  <datafield tag="080" ind1=" " ind2=" ">
    <subfield code="a">821.113.1 &#x41C;-91</subfield>
  </datafield>
  <datafield tag="245" ind1=" " ind2=" ">
    <subfield code="a">&#x41E;&#x442; &#x41C;&#x435;&#x440;&#x438;&#x43C;&#x435; &#x434;&#x43E; &#x411;&#x430;&#x440;&#x431;&#x44E;&#x441;&#x430; /</subfield>
    <subfield code="b">&#x41A;&#x43D;&#x438;&#x433;&#x430; &#x434;&#x43B;&#x44F; &#x447;&#x442;&#x435;&#x43D;&#x438;&#x44F; &#x43D;&#x430; &#x444;&#x440;. &#x44F;&#x437;&#x44B;&#x43A;&#x435; &#x432; &#x441;&#x442;&#x430;&#x440;&#x448;&#x438;&#x445; &#x43A;&#x43B;&#x430;&#x441;&#x441;&#x430;&#x445; &#x441;&#x440;&#x435;&#x434;&#x43D;. &#x448;&#x43A;. 8-9 &#x43A;&#x43B;.  /</subfield>
    <subfield code="c">&#x421;&#x43E;&#x441;&#x442;. &#x41B;&#x430;&#x440;&#x438;&#x441;&#x430; &#x41C;&#x443;&#x440;&#x430;&#x434;&#x43E;&#x432;&#x430;</subfield>
  </datafield>
  <datafield tag="264" ind1=" " ind2=" ">
    <subfield code="a">&#x41C;&#x43E;&#x441;&#x43A;&#x432;&#x430; :</subfield>
    <subfield code="b">&#x420;&#x43E;&#x43B;&#x44C;&#x444;,</subfield>
    <subfield code="c">2001.</subfield>
  </datafield>
  <datafield tag="300" ind1=" " ind2=" ">
    <subfield code="a">192 &#x441;&#x442;&#x440;.:</subfield>
    <subfield code="b"> &#x441; &#x438;&#x43B;&#x43B;.</subfield>
  </datafield>
  <datafield tag="653" ind1=" " ind2=" ">
    <subfield code="a">&#x41E;&#x442; &#x41C;&#x435;&#x440;&#x438;&#x43C;&#x435; &#x434;&#x43E; &#x411;&#x430;&#x440;&#x431;&#x44E;&#x441;&#x430;</subfield>
  </datafield>
  <datafield tag="653" ind1=" " ind2=" ">
    <subfield code="a">&#x10DB;&#x10D4;&#x10E0;&#x10D8;&#x10DB;&#x10D4;&#x10D8;&#x10D3;&#x10D0;&#x10DC; &#x10D1;&#x10D0;&#x10E0;&#x10D1;&#x10E3;&#x10E1;&#x10D0;&#x10DB;&#x10D3;&#x10D4;</subfield>
  </datafield>
  <datafield tag="700" ind1=" " ind2=" ">
    <subfield code="a">&#x41C;&#x443;&#x440;&#x430;&#x434;&#x43E;&#x432;&#x430;,  &#x41B;&#x430;&#x440;&#x438;&#x441;&#x430;</subfield>
    <subfield code="e">&#x10E8;&#x10D4;&#x10DB;&#x10D3;&#x10D2;&#x10D4;&#x10DC;&#x10D4;&#x10DA;&#x10D8;</subfield>
    <subfield code="9">15472</subfield>
  </datafield>
  <datafield tag="942" ind1=" " ind2=" ">
    <subfield code="c">BK</subfield>
    <subfield code="2">udc</subfield>
  </datafield>
  <datafield tag="952" ind1=" " ind2=" ">
    <subfield code="0">0</subfield>
    <subfield code="1">0</subfield>
    <subfield code="2">udc</subfield>
    <subfield code="4">0</subfield>
    <subfield code="6">8211131_&#x41C;91</subfield>
    <subfield code="7">0</subfield>
    <subfield code="9">34912</subfield>
    <subfield code="a">CPL</subfield>
    <subfield code="b">CPL</subfield>
    <subfield code="c">GEN</subfield>
    <subfield code="d">2018-12-17</subfield>
    <subfield code="g">6.00</subfield>
    <subfield code="o">821.113.1 &#x41C;-91</subfield>
    <subfield code="p">4365</subfield>
    <subfield code="r">2018-12-17</subfield>
    <subfield code="t">4365</subfield>
    <subfield code="w">2018-12-17</subfield>
    <subfield code="y">BK</subfield>
    <subfield code="z">6.00</subfield>
  </datafield>
</record>
